Телеграммы от различных учреждений и организаций с выражением соболезнования по поводу смерти Подбельского

Доступно только в Электронных читальных залах Найти на картеНа карте
RUSMARC
00003924nac2a22002771x 450
00149e7d8a2-5911-4932-b414-4f035fc005de
00520160228035511.0
100##$a20160113l19201920k y0rusy50 ca
1010#$arus
102##$aRU
105##$ay z |||||
1222#$ad19200228
$ad19200302
2001#$aТелеграммы от различных учреждений и организаций с выражением соболезнования по поводу смерти Подбельского
$j28 февраля - 2 марта 1920
215##$a8 листов
251##$cДело
300##$aЗаголовок дела на папке: Телеграммы от различных учреждений и организаций с выражением соболезнования по случаю смерти Подбельского
300##$aМашинописный текст
330##$aВходит в раздел описи: V. Бюро телеграмм. 1. Приветственные телеграммы
461#0$1001ad6baeac-e292-4829-90d1-2f4f65796a62
$12001
$aСОВЕТ НАРОДНЫХ КОМИССАРОВ РСФСР (СНК РСФСР)
$1251
$cФонд
$1852
$j130
$gР
462#0$10017393eac8-aea5-4181-b014-0a5beab45138
$12001
$a1920 г.
$vД. 432
$1251
$cОпись
$1852
$j4
5171#$aТелеграммы от различных учреждений и организаций с выражением соболезнования по случаю смерти Подбельского
600#1$aПодбельский
60101$3RU\NLR\AUTH\661074810
$aРСФСР
$bСовет Народных Комиссаров
801#0$aRU
$bGA_RF
801#1$aRU
$bНПО Опыт
$c20160113
$2rusmarc
801#2$aRU
$bПБ им. Б.Н. Ельцина
$c20160228
$gRCR
$2rusmarc
852##$aГА РФ
$j432
937##$d65362816
$hПБ
035##$aRuPRLIB51036174
Формат отображения